[Event "46th Greek Team Championship"]
[Site "chess24.com"]
[Date "2018.07.11"]
[Round "3"]
[White "Moshovakis, Aggelos"]
[Black "Tsaknakis, Zisis"]
[Result "0-1"]
[Board "8"]
[WhiteElo "1964"]
[WhiteCountry "GRE"]
[WhiteFideId "4297350"]
[WhiteEloChange "-5"]
[BlackElo "2170"]
[BlackCountry "GRE"]
[BlackFideId "4259963"]
[BlackEloChange "5"]

1. e4 {[%clk 1:30:58]} c5 {[%clk 1:30:28]} 2. Nf3 {[%clk 1:31:09]} d6 {[%clk
1:30:53]} 3. Bb5+ {[%clk 1:31:34]} Nd7 {[%clk 1:31:17]} 4. c3 {[%clk 1:31:34]}
Nf6 {[%clk 1:31:11]} 5. Qe2 {[%clk 1:31:33]} a6 {[%clk 1:31:29]} 6. Ba4 {[%clk
1:31:54]} b5 {[%clk 1:31:21]} 7. Bc2 {[%clk 1:32:14]} Bb7 {[%clk 1:30:52]} 8. O-O
{[%clk 1:31:49]} e6 {[%clk 1:28:24]} 9. d4 {[%clk 1:31:35]} Be7 {[%clk 1:28:39]}
10. Bf4 {[%clk 1:29:01]} Qc7 {[%clk 1:23:19]} 11. Bd3 {[%clk 1:27:51]} e5 {[%clk
1:19:59]} 12. Bg5 {[%clk 1:21:42]} O-O {[%clk 1:18:47]} 13. a4 {[%clk 1:17:20]}
h6 {[%clk 1:06:50]} 14. Bh4 {[%clk 1:17:12]} exd4 {[%clk 1:00:00]} 15. cxd4
{[%clk 1:17:34]} c4 {[%clk 0:59:24]} 16. Bc2 {[%clk 1:17:57]} Rfe8 {[%clk
0:59:18]} 17. axb5 {[%clk 1:14:03]} Nxe4 {[%clk 0:47:16]} 18. Bxe7 {[%clk
1:09:58]} Rxe7 {[%clk 0:46:31]} 19. bxa6 {[%clk 1:10:02]} Ndf6 {[%clk 0:45:15]}
20. Re1 {[%clk 1:01:51]} Re6 {[%clk 0:39:33]} 21. Qd1 {[%clk 0:50:21]} Rxa6
{[%clk 0:25:46]} 22. Rxa6 {[%clk 0:50:13]} Bxa6 {[%clk 0:26:11]} 23. Nbd2 {[%clk
0:41:08]} Nxd2 {[%clk 0:15:27]} 24. Qxd2 {[%clk 0:40:03]} Rxe1+ {[%clk 0:13:50]}
25. Qxe1 {[%clk 0:40:02]} Bb7 {[%clk 0:13:25]} 26. Qe3 {[%clk 0:36:39]} Qa5
{[%clk 0:09:57]} 27. Qe1 {[%clk 0:34:47]} Qa2 {[%clk 0:07:02]} 28. Qb1 {[%clk
0:33:31]} Qa7 {[%clk 0:07:00]} 29. Qd1 {[%clk 0:31:44]} g6 {[%clk 0:04:07]} 30.
Ne1 {[%clk 0:28:46]} Qb6 {[%clk 0:03:09]} 31. b3 {[%clk 0:28:27]} cxb3 {[%clk
0:02:27]} 32. Bxb3 {[%clk 0:28:50]} Qb4 {[%clk 0:02:15]} 33. f3 {[%clk 0:25:21]}
Kg7 {[%clk 0:01:23]} 34. Kf2 {[%clk 0:25:03]} Ba6 {[%clk 0:01:35]} 35. Ke3 {[%clk
0:16:19]} Qc3+ {[%clk 0:01:15]} 36. Nd3 {[%clk 0:16:20]} h5 {[%clk 0:00:43]} 37.
Ba2 {[%clk 0:16:16]} Bxd3 {[%clk 0:00:54]} 38. Qxd3 {[%clk 0:16:38]} Qe1+ {[%clk
0:01:13]} 39. Qe2 {[%clk 0:16:45]} Qg1+ {[%clk 0:01:20]} 40. Kd3 {[%clk 0:46:59]}
Qxh2 {[%clk 0:30:54]} 41. Qe7 {[%clk 0:46:24]} d5 {[%clk 0:30:56]} 42. Qe2 {[%clk
0:46:17]} h4 {[%clk 0:26:25]} 43. Kd2 {[%clk 0:42:00]} Qg1 {[%clk 0:25:44]} 44.
Kc3 {[%clk 0:41:49]} Qa1+ {[%clk 0:23:58]} 45. Kd3 {[%clk 0:41:02]} Qc1 {[%clk
0:22:38]} 46. Qd2 {[%clk 0:32:42]} Qf1+ {[%clk 0:21:49]} 47. Kc3 {[%clk 0:31:43]}
h3 {[%clk 0:21:40]} 48. gxh3 {[%clk 0:32:00]} Qxf3+ {[%clk 0:22:01]} 49. Qd3
{[%clk 0:32:20]} Ne4+ {[%clk 0:21:17]} 50. Kc2 {[%clk 0:32:47]} Qg2+ {[%clk
0:21:20]} 51. Kb1 {[%clk 0:32:25]} Nf6 {[%clk 0:12:09]} 52. Bb3 {[%clk 0:31:29]}
Qf2 {[%clk 0:11:05]} 53. Kc1 {[%clk 0:30:39]} Qe1+ {[%clk 0:09:03]} 54. Kc2
{[%clk 0:30:42]} Kf8 {[%clk 0:08:24]} 55. Qc3 {[%clk 0:23:01]} Qf2+ {[%clk
0:07:38]} 56. Kb1 {[%clk 0:22:42]} Kg7 {[%clk 0:07:50]} 57. Qd3 {[%clk 0:22:05]}
Kh6 {[%clk 0:07:50]} 58. Kc1 {[%clk 0:21:13]} Kg5 {[%clk 0:07:45]} 59. Qc3 {[%clk
0:19:42]} Qf4+ {[%clk 0:06:02]} 60. Kb1 {[%clk 0:18:40]} Kh4 {[%clk 0:05:08]} 61.
Ba2 {[%clk 0:18:08]} Qf1+ {[%clk 0:04:58]} 62. Kb2 {[%clk 0:18:09]} Qg2+ {[%clk
0:04:56]} 63. Kb1 {[%clk 0:18:31]} Qxh3 {[%clk 0:03:50]} 64. Qe1+ {[%clk
0:18:42]} Kg5 {[%clk 0:03:58]} 65. Kc1 {[%clk 0:18:24]} Qa3+ {[%clk 0:04:13]} 66.
Kb1 {[%clk 0:18:49]} Qd3+ {[%clk 0:04:37]} 0-1

[Event "46th Greek Team Championship"]
[Site "chess24.com"]
[Date "2018.07.11"]
[Round "3"]
[White "Roinos, Ilias"]
[Black "Kourousis, Epaminondas"]
[Result "1/2-1/2"]
[Board "3"]
[WhiteElo "2220"]
[WhiteCountry "GRE"]
[WhiteFideId "4232402"]
[WhiteEloChange "5"]
[BlackElo "2399"]
[BlackTitle "IM"]
[BlackCountry "CZE"]
[BlackFideId "4211626"]
[BlackEloChange "-5"]

1. e4 {[%clk 1:30:57]} c6 {[%clk 1:29:53]} 2. d4 {[%clk 1:31:18]} d5 {[%clk
1:30:19]} 3. exd5 {[%clk 1:31:42]} cxd5 {[%clk 1:30:45]} 4. c4 {[%clk 1:32:03]}
Nf6 {[%clk 1:31:06]} 5. Nc3 {[%clk 1:32:26]} e6 {[%clk 1:31:26]} 6. Nf3 {[%clk
1:32:49]} Be7 {[%clk 1:31:41]} 7. Bd3 {[%clk 1:33:01]} O-O {[%clk 1:32:06]} 8.
O-O {[%clk 1:33:24]} dxc4 {[%clk 1:32:09]} 9. Bxc4 {[%clk 1:33:46]} a6 {[%clk
1:32:35]} 10. a3 {[%clk 1:33:15]} b5 {[%clk 1:32:41]} 11. Ba2 {[%clk 1:33:26]}
Bb7 {[%clk 1:32:47]} 12. Re1 {[%clk 1:31:17]} Nc6 {[%clk 1:31:48]} 13. Bg5 {[%clk
1:21:29]} h6 {[%clk 1:27:07]} 14. Bh4 {[%clk 1:19:19]} Nh5 {[%clk 1:13:42]} 15.
Bxe7 {[%clk 0:48:58]} Nxe7 {[%clk 1:13:32]} 16. Ne5 {[%clk 0:41:24]} Nf6 {[%clk
1:09:19]} 17. Qd3 {[%clk 0:39:56]} Qb6 {[%clk 0:46:03]} 18. Qh3 {[%clk 0:27:04]}
Rad8 {[%clk 0:38:32]} 19. Nxf7 {[%clk 0:21:05]} Rxf7 {[%clk 0:38:32]} 20. Bxe6
{[%clk 0:17:45]} Bc8 {[%clk 0:29:50]} 21. Bxf7+ {[%clk 0:17:22]} Kxf7 {[%clk
0:30:19]} 22. Qg3 {[%clk 0:12:53]} Nf5 {[%clk 0:30:04]} 23. Qe5 {[%clk 0:12:12]}
Qxd4 {[%clk 0:24:17]} 24. Qc7+ {[%clk 0:08:07]} Qd7 {[%clk 0:24:20]} 25. Qc5
{[%clk 0:05:42]} Qd6 {[%clk 0:20:50]} 26. Qxd6 {[%clk 0:04:44]} Rxd6 {[%clk
0:21:00]} 27. Rad1 {[%clk 0:05:08]} Be6 {[%clk 0:18:31]} 28. f3 {[%clk 0:04:04]}
Bb3 {[%clk 0:17:25]} 29. Rxd6 {[%clk 0:04:24]} Nxd6 {[%clk 0:17:54]} 30. Ne2
{[%clk 0:04:39]} Be6 {[%clk 0:16:32]} 31. Nd4 {[%clk 0:04:43]} Bd7 {[%clk
0:16:50]} 32. b3 {[%clk 0:02:07]} Nf5 {[%clk 0:11:54]} 33. Nxf5 {[%clk 0:02:00]}
Bxf5 {[%clk 0:12:23]} 34. Rc1 {[%clk 0:02:16]} Bd7 {[%clk 0:09:07]} 35. Rc7
{[%clk 0:02:18]} a5 {[%clk 0:03:47]} 36. Kf2 {[%clk 0:01:29]} a4 {[%clk 0:03:45]}
37. bxa4 {[%clk 0:01:45]} bxa4 {[%clk 0:04:14]} 38. Rb7 {[%clk 0:00:47]} Ke6
{[%clk 0:04:37]} 39. Ke3 {[%clk 0:01:11]} Kd5 {[%clk 0:04:53]} 40. Kd3 {[%clk
0:30:51]} h5 {[%clk 0:34:00]} 41. h4 {[%clk 0:19:28]} g6 {[%clk 0:33:01]} 42. Rb6
{[%clk 0:09:39]} Ke5 {[%clk 0:31:44]} 43. g3 {[%clk 0:09:30]} Nd5 {[%clk
0:30:27]} 44. f4+ {[%clk 0:06:44]} Kf5 {[%clk 0:30:52]} 45. Rd6 {[%clk 0:07:08]}
Nf6 {[%clk 0:30:22]} 46. Kd4 {[%clk 0:07:26]} Be8 {[%clk 0:27:45]} 47. Ra6 {[%clk
0:05:52]} Ng4 {[%clk 0:24:56]} 48. Rd6 {[%clk 0:04:52]} Nh6 {[%clk 0:24:17]} 49.
Rd8 {[%clk 0:03:19]} Bf7 {[%clk 0:23:59]} 50. Ra8 {[%clk 0:01:37]} Bb3 {[%clk
0:23:56]} 51. Ra5+ {[%clk 0:01:57]} Kf6 {[%clk 0:16:41]} 52. Ra6+ {[%clk
0:02:13]} Kf5 {[%clk 0:13:46]} 53. Ra5+ {[%clk 0:02:36]} Kf6 {[%clk 0:11:03]} 54.
Ra6+ {[%clk 0:02:30]} Kg7 {[%clk 0:09:33]} 55. Ra7+ {[%clk 0:02:17]} Nf7 {[%clk
0:09:29]} 56. Ra6 {[%clk 0:02:36]} Bc2 {[%clk 0:08:23]} 57. Kc3 {[%clk 0:02:49]}
Bd1 {[%clk 0:08:35]} 58. Kd4 {[%clk 0:03:13]} Nh6 {[%clk 0:07:32]} 59. Ra7+
{[%clk 0:02:48]} Kf6 {[%clk 0:07:12]} 60. Ra6+ {[%clk 0:02:56]} Kf5 {[%clk
0:06:29]} 61. Ra5+ {[%clk 0:03:18]} Kf6 {[%clk 0:06:24]} 62. Ra6+ {[%clk
0:03:40]} Kf5 {[%clk 0:06:45]} 1/2-1/2

[Event "46th Greek Team Championship"]
[Site "chess24.com"]
[Date "2018.07.11"]
[Round "3"]
[White "Maier, Christian"]
[Black "Sidiropoulos, Nikolaos"]
[Result "1/2-1/2"]
[Board "3"]
[WhiteElo "2378"]
[WhiteTitle "IM"]
[WhiteCountry "GER"]
[WhiteFideId "4601955"]
[WhiteEloChange "-7"]
[BlackElo "2048"]
[BlackCountry "GRE"]
[BlackFideId "4217250"]
[BlackEloChange "7"]

1. d4 {[%clk 1:30:52]} g6 {[%clk 1:28:55]} 2. Nf3 {[%clk 1:28:05]} Bg7 {[%clk
1:29:10]} 3. Bf4 {[%clk 1:27:04]} d6 {[%clk 1:29:01]} 4. Nc3 {[%clk 1:26:54]} Nf6
{[%clk 1:27:49]} 5. Qd2 {[%clk 1:24:08]} O-O {[%clk 1:26:41]} 6. Bh6 {[%clk
1:20:28]} c5 {[%clk 1:25:52]} 7. Bxg7 {[%clk 1:17:33]} Kxg7 {[%clk 1:26:16]} 8.
e3 {[%clk 1:17:48]} cxd4 {[%clk 1:20:14]} 9. Nxd4 {[%clk 1:16:55]} Nc6 {[%clk
1:19:38]} 10. Be2 {[%clk 1:17:03]} e5 {[%clk 1:03:01]} 11. Nf3 {[%clk 1:12:38]}
Qe7 {[%clk 0:57:11]} 12. O-O {[%clk 1:00:36]} Rd8 {[%clk 0:55:29]} 13. e4 {[%clk
0:59:28]} Bg4 {[%clk 0:50:03]} 14. Nd5 {[%clk 0:57:47]} Nxd5 {[%clk 0:50:22]} 15.
exd5 {[%clk 0:58:07]} Bxf3 {[%clk 0:49:28]} 16. Bxf3 {[%clk 0:58:30]} Nb8 {[%clk
0:48:55]} 17. Rae1 {[%clk 0:55:16]} f5 {[%clk 0:48:12]} 18. g4 {[%clk 0:51:12]}
Nd7 {[%clk 0:38:43]} 19. gxf5 {[%clk 0:51:36]} gxf5 {[%clk 0:39:04]} 20. Kh1
{[%clk 0:52:01]} h6 {[%clk 0:37:26]} 21. Rg1+ {[%clk 0:48:34]} Kh7 {[%clk
0:37:49]} 22. Rg3 {[%clk 0:48:14]} Rg8 {[%clk 0:36:06]} 23. Reg1 {[%clk 0:48:36]}
Rxg3 {[%clk 0:27:35]} 24. hxg3 {[%clk 0:47:47]} e4 {[%clk 0:25:29]} 25. Be2
{[%clk 0:46:40]} Qe5 {[%clk 0:24:47]} 26. c4 {[%clk 0:45:48]} Re8 {[%clk
0:19:40]} 27. Kg2 {[%clk 0:44:36]} f4 {[%clk 0:10:06]} 28. gxf4 {[%clk 0:40:50]}
Rg8+ {[%clk 0:09:46]} 29. Kf1 {[%clk 0:41:14]} Rxg1+ {[%clk 0:10:07]} 30. Kxg1
{[%clk 0:41:40]} Qf5 {[%clk 0:10:03]} 31. Qe3 {[%clk 0:41:34]} Nf6 {[%clk
0:09:50]} 32. Qxa7 {[%clk 0:37:22]} Qxf4 {[%clk 0:09:47]} 33. Qxb7+ {[%clk
0:37:42]} Kg6 {[%clk 0:09:56]} 34. Qb3 {[%clk 0:38:06]} Qd2 {[%clk 0:08:05]} 35.
Qg3+ {[%clk 0:35:41]} Kf5 {[%clk 0:07:51]} 36. Bf1 {[%clk 0:34:08]} Qe1 {[%clk
0:05:16]} 37. Qe3 {[%clk 0:27:47]} Qd1 {[%clk 0:03:17]} 38. Qg3 {[%clk 0:17:53]}
Qe1 {[%clk 0:02:54]} 39. Qxd6 {[%clk 0:15:06]} Ng4 {[%clk 0:01:33]} 40. Qg3
{[%clk 0:43:42]} h5 {[%clk 0:30:48]} 41. d6 {[%clk 0:38:27]} h4 {[%clk 0:30:37]}
42. Qxh4 {[%clk 0:24:53]} e3 {[%clk 0:30:41]} 43. Qh5+ {[%clk 0:23:27]} Kf6
{[%clk 0:27:49]} 44. Qh4+ {[%clk 0:19:13]} Kf5 {[%clk 0:27:35]} 45. Qh5+ {[%clk
0:12:35]} Kf6 {[%clk 0:28:00]} 46. Qh4+ {[%clk 0:12:35]} Kf5 {[%clk 0:28:00]} 47.
Qh3 {[%clk 0:12:35]} Kf6 {[%clk 0:28:00]} 48. Qh4+ {[%clk 0:12:35]} 1/2-1/2

[Event "46th Greek Team Championship"]
[Site "chess24.com"]
[Date "2018.07.11"]
[Round "3"]
[White "Iordanidou, Zoi"]
[Black "Zimina, Olga"]
[Result "0-1"]
[Board "5"]
[WhiteElo "2060"]
[WhiteCountry "GRE"]
[WhiteFideId "4209192"]
[WhiteEloChange "-2"]
[BlackElo "2411"]
[BlackTitle "IM"]
[BlackCountry "ITA"]
[BlackFideId "4132190"]
[BlackEloChange "1"]

1. e4 {[%clk 1:30:58]} c6 {[%clk 1:29:24]} 2. d4 {[%clk 1:31:08]} d5 {[%clk
1:29:49]} 3. exd5 {[%clk 1:31:23]} cxd5 {[%clk 1:30:14]} 4. Bd3 {[%clk 1:31:37]}
Nc6 {[%clk 1:30:38]} 5. c3 {[%clk 1:31:58]} Nf6 {[%clk 1:31:04]} 6. Bf4 {[%clk
1:31:44]} Bg4 {[%clk 1:31:30]} 7. Ne2 {[%clk 1:23:21]} e6 {[%clk 1:30:49]} 8. O-O
{[%clk 1:16:02]} Bd6 {[%clk 1:24:51]} 9. f3 {[%clk 1:14:05]} Bh5 {[%clk 1:25:09]}
10. Qd2 {[%clk 1:14:08]} Bg6 {[%clk 1:24:50]} 11. Bxd6 {[%clk 1:07:44]} Qxd6
{[%clk 1:24:59]} 12. Na3 {[%clk 1:07:24]} Bxd3 {[%clk 1:23:26]} 13. Qxd3 {[%clk
1:07:48]} O-O {[%clk 1:23:47]} 14. Ng3 {[%clk 0:59:46]} a6 {[%clk 1:22:02]} 15.
Nc2 {[%clk 0:53:39]} Rfc8 {[%clk 1:16:32]} 16. Ne3 {[%clk 0:45:10]} b5 {[%clk
1:13:44]} 17. Rfd1 {[%clk 0:35:33]} Na5 {[%clk 1:12:27]} 18. b3 {[%clk 0:34:02]}
Rc7 {[%clk 0:58:28]} 19. Rac1 {[%clk 0:31:21]} Rac8 {[%clk 0:58:46]} 20. Ne2
{[%clk 0:31:42]} Nd7 {[%clk 0:51:52]} 21. Qd2 {[%clk 0:28:41]} Qb6 {[%clk
0:45:42]} 22. Rc2 {[%clk 0:26:40]} Nb7 {[%clk 0:44:06]} 23. Rdc1 {[%clk 0:26:08]}
Nd6 {[%clk 0:44:26]} 24. Qd3 {[%clk 0:26:16]} a5 {[%clk 0:43:11]} 25. Nf4 {[%clk
0:17:50]} Nf6 {[%clk 0:36:30]} 26. Qd2 {[%clk 0:17:59]} h6 {[%clk 0:35:13]} 27.
Nd3 {[%clk 0:17:12]} Nd7 {[%clk 0:34:02]} 28. Nb2 {[%clk 0:09:50]} Qa7 {[%clk
0:31:17]} 29. Qf2 {[%clk 0:05:20]} b4 {[%clk 0:25:21]} 30. cxb4 {[%clk 0:03:57]}
Rxc2 {[%clk 0:21:49]} 31. Rxc2 {[%clk 0:04:07]} axb4 {[%clk 0:21:52]} 32. Rxc8+
{[%clk 0:02:11]} Nxc8 {[%clk 0:21:46]} 33. Ned1 {[%clk 0:01:04]} Qxa2 {[%clk
0:10:34]} 34. Qd2 {[%clk 0:01:28]} Qxb3 {[%clk 0:10:39]} 35. Nd3 {[%clk 0:01:54]}
Ndb6 {[%clk 0:07:28]} 36. Nxb4 {[%clk 0:01:04]} Nc4 {[%clk 0:07:49]} 37. Qe1
{[%clk 0:01:32]} Ne7 {[%clk 0:07:20]} 38. Nf2 {[%clk 0:00:43]} Nf5 {[%clk
0:07:14]} 39. Nc6 {[%clk 0:00:33]} Qb6 {[%clk 0:06:53]} 40. Ne5 {[%clk 0:30:33]}
Qxd4 {[%clk 0:35:58]} 41. Nd3 {[%clk 0:27:45]} Nb2 {[%clk 0:31:35]} 42. Qa1
{[%clk 0:25:11]} Nxd3 {[%clk 0:31:52]} 43. Qxd4 {[%clk 0:25:37]} Nxd4 {[%clk
0:32:16]} 44. Nxd3 {[%clk 0:26:03]} Kf8 {[%clk 0:32:29]} 45. Kf2 {[%clk 0:26:22]}
Ke7 {[%clk 0:32:53]} 46. Ke3 {[%clk 0:26:33]} Nf5+ {[%clk 0:33:19]} 47. Kd2
{[%clk 0:26:21]} Nh4 {[%clk 0:33:23]} 48. Ne1 {[%clk 0:26:43]} Kd6 {[%clk
0:33:44]} 49. g3 {[%clk 0:26:51]} Nf5 {[%clk 0:33:49]} 50. Kd3 {[%clk 0:26:55]}
e5 {[%clk 0:33:56]} 51. Kc3 {[%clk 0:23:56]} h5 {[%clk 0:29:26]} 52. Nc2 {[%clk
0:15:20]} h4 {[%clk 0:27:54]} 53. g4 {[%clk 0:15:14]} Nd4 {[%clk 0:27:57]} 54.
Nxd4 {[%clk 0:13:19]} exd4+ {[%clk 0:28:20]} 55. Kxd4 {[%clk 0:13:46]} g5 {[%clk
0:28:28]} 0-1

[Event "46th Greek Team Championship"]
[Site "chess24.com"]
[Date "2018.07.11"]
[Round "3"]
[White "Hristodoulou, Panagiotis"]
[Black "Sigalas, Frangiskos"]
[Result "1/2-1/2"]
[Board "3"]
[WhiteElo "2329"]
[WhiteTitle "FM"]
[WhiteCountry "GRE"]
[WhiteFideId "4214340"]
[WhiteEloChange "-3"]
[BlackElo "2213"]
[BlackTitle "FM"]
[BlackCountry "GRE"]
[BlackFideId "4206185"]
[BlackEloChange "3"]

1. e4 {[%clk 1:28:18]} e6 {[%clk 1:30:49]} 2. d4 {[%clk 1:28:38]} d5 {[%clk
1:31:11]} 3. Nc3 {[%clk 1:29:00]} Bb4 {[%clk 1:31:33]} 4. exd5 {[%clk 1:29:23]}
exd5 {[%clk 1:31:54]} 5. Bd3 {[%clk 1:29:46]} Nc6 {[%clk 1:32:16]} 6. Ne2 {[%clk
1:30:11]} Nge7 {[%clk 1:31:47]} 7. O-O {[%clk 1:30:29]} Bf5 {[%clk 1:31:15]} 8.
Ng3 {[%clk 1:17:54]} Bxd3 {[%clk 1:31:28]} 9. Qxd3 {[%clk 1:18:22]} O-O {[%clk
1:29:31]} 10. Nce2 {[%clk 1:18:32]} Qd7 {[%clk 1:27:13]} 11. c3 {[%clk 1:18:19]}
Bd6 {[%clk 1:23:15]} 12. Bf4 {[%clk 1:18:33]} Bxf4 {[%clk 1:19:33]} 13. Nxf4
{[%clk 1:18:59]} Ng6 {[%clk 1:19:33]} 14. Qf3 {[%clk 1:13:18]} Nxf4 {[%clk
1:14:30]} 15. Qxf4 {[%clk 1:13:45]} Rae8 {[%clk 1:13:52]} 16. Rae1 {[%clk
1:13:59]} Ne7 {[%clk 1:13:52]} 17. Nh5 {[%clk 1:13:59]} f6 {[%clk 1:01:55]} 18.
Qg3 {[%clk 1:05:54]} Ng6 {[%clk 1:01:04]} 19. Nf4 {[%clk 1:02:22]} Nxf4 {[%clk
1:01:15]} 20. Qxf4 {[%clk 1:02:49]} c6 {[%clk 0:59:36]} 21. f3 {[%clk 1:02:18]}
Rf7 {[%clk 0:58:26]} 22. Kf2 {[%clk 0:59:51]} Rfe7 {[%clk 0:58:43]} 23. g4 {[%clk
0:58:45]} Re6 {[%clk 0:53:29]} 24. h3 {[%clk 0:52:21]} Qe7 {[%clk 0:51:37]} 25.
Rxe6 {[%clk 0:52:45]} Qxe6 {[%clk 0:51:59]} 26. Qd2 {[%clk 0:53:12]} Kf7 {[%clk
0:51:06]} 27. Re1 {[%clk 0:53:37]} Qxe1+ {[%clk 0:51:25]} 28. Qxe1 {[%clk
0:54:05]} Rxe1 {[%clk 0:51:44]} 29. Kxe1 {[%clk 0:54:32]} g5 {[%clk 0:51:19]} 30.
Ke2 {[%clk 0:54:55]} Ke6 {[%clk 0:51:43]} 1/2-1/2

[Event "46th Greek Team Championship"]
[Site "chess24.com"]
[Date "2018.07.11"]
[Round "3"]
[White "Korniotis, Filippos"]
[Black "Kadianis, Georgios"]
[Result "0-1"]
[Board "8"]
[WhiteElo "2163"]
[WhiteCountry "GRE"]
[WhiteFideId "4236912"]
[WhiteEloChange "-14"]
[BlackElo "2002"]
[BlackCountry "GRE"]
[BlackFideId "4264681"]
[BlackEloChange "14"]

1. d4 {[%clk 1:30:57]} d5 {[%clk 1:28:07]} 2. c4 {[%clk 1:29:02]} c6 {[%clk
1:28:32]} 3. cxd5 {[%clk 1:29:01]} cxd5 {[%clk 1:28:56]} 4. Bf4 {[%clk 1:29:21]}
Nc6 {[%clk 1:29:12]} 5. e3 {[%clk 1:29:43]} Nf6 {[%clk 1:29:32]} 6. Nc3 {[%clk
1:30:06]} a6 {[%clk 1:29:50]} 7. Bd3 {[%clk 1:30:27]} Bg4 {[%clk 1:29:45]} 8.
Nge2 {[%clk 1:30:45]} e6 {[%clk 1:29:26]} 9. O-O {[%clk 1:29:15]} Be7 {[%clk
1:29:34]} 10. Rc1 {[%clk 1:29:21]} Rc8 {[%clk 1:28:07]} 11. a3 {[%clk 1:23:00]}
O-O {[%clk 1:25:54]} 12. h3 {[%clk 1:22:39]} Bh5 {[%clk 1:26:05]} 13. Na4 {[%clk
1:22:34]} Nd7 {[%clk 1:17:48]} 14. Bg3 {[%clk 1:09:03]} Na5 {[%clk 1:13:26]} 15.
b4 {[%clk 0:44:07]} Nc4 {[%clk 1:10:16]} 16. Bxc4 {[%clk 0:43:39]} Rxc4 {[%clk
1:08:57]} 17. Qd2 {[%clk 0:41:27]} b5 {[%clk 0:54:51]} 18. Nb2 {[%clk 0:29:06]}
Bxe2 {[%clk 0:46:49]} 19. Qxe2 {[%clk 0:29:28]} Rc8 {[%clk 0:46:19]} 20. Nd3
{[%clk 0:26:44]} Nb6 {[%clk 0:45:20]} 21. Nc5 {[%clk 0:25:12]} Bxc5 {[%clk
0:45:34]} 22. dxc5 {[%clk 0:22:23]} Nc4 {[%clk 0:45:56]} 23. Rfd1 {[%clk
0:20:13]} f5 {[%clk 0:41:06]} 24. a4 {[%clk 0:16:48]} Qf6 {[%clk 0:41:04]} 25.
Ra1 {[%clk 0:14:01]} Qb2 {[%clk 0:37:35]} 26. Qe1 {[%clk 0:06:37]} Ra8 {[%clk
0:33:47]} 27. h4 {[%clk 0:05:15]} Qf6 {[%clk 0:30:10]} 28. axb5 {[%clk 0:02:02]}
axb5 {[%clk 0:30:28]} 29. h5 {[%clk 0:01:59]} h6 {[%clk 0:23:11]} 30. Bh2 {[%clk
0:00:56]} Qf7 {[%clk 0:19:42]} 31. Qe2 {[%clk 0:01:17]} Qb7 {[%clk 0:19:00]} 32.
f3 {[%clk 0:01:15]} Rxa1 {[%clk 0:18:05]} 33. Rxa1 {[%clk 0:01:45]} Ra8 {[%clk
0:18:27]} 34. Ra2 {[%clk 0:01:05]} e5 {[%clk 0:14:36]} 35. g4 {[%clk 0:00:42]}
fxg4 {[%clk 0:08:45]} 36. fxg4 {[%clk 0:00:37]} Ra4 {[%clk 0:03:57]} 37. e4
{[%clk 0:00:34]} Rxb4 {[%clk 0:03:18]} 38. Qd3 {[%clk 0:00:35]} Ra4 {[%clk
0:00:33]} 39. Rxa4 {[%clk 0:00:52]} bxa4 {[%clk 0:00:58]} 40. exd5 {[%clk
0:31:13]} Qb4 {[%clk 0:30:35]} 41. Kg2 {[%clk 0:23:10]} Qxc5 {[%clk 0:26:59]} 42.
Bg1 {[%clk 0:23:39]} Qc8 {[%clk 0:25:07]} 43. Kh3 {[%clk 0:18:46]} Nd6 {[%clk
0:19:48]} 44. Qg3 {[%clk 0:08:13]} Nf7 {[%clk 0:17:47]} 45. Qd3 {[%clk 0:06:03]}
e4 {[%clk 0:12:25]} 46. Qd4 {[%clk 0:04:15]} Qc2 {[%clk 0:10:44]} 47. Be3 {[%clk
0:03:07]} a3 {[%clk 0:07:41]} 48. d6 {[%clk 0:03:33]} a2 {[%clk 0:02:18]} 49. d7
{[%clk 0:03:59]} Qd3 {[%clk 0:01:43]} 50. Kh4 {[%clk 0:02:33]} Qxe3 {[%clk
0:00:38]} 51. d8Q+ {[%clk 0:00:34]} Nxd8 {[%clk 0:01:03]} 52. Qxd8+ {[%clk
0:00:37]} Kh7 {[%clk 0:01:12]} 53. Qa8 {[%clk 0:01:05]} Qf2+ {[%clk 0:01:16]} 54.
Kh3 {[%clk 0:01:33]} Qf1+ {[%clk 0:01:24]} 55. Kh2 {[%clk 0:01:41]} a1Q {[%clk
0:00:33]} 56. Qxe4+ {[%clk 0:02:08]} Kg8 {[%clk 0:00:55]} 57. Qe8+ {[%clk
0:02:17]} Qf8 {[%clk 0:01:15]} 0-1

[Event "46th Greek Team Championship"]
[Site "chess24.com"]
[Date "2018.07.11"]
[Round "3"]
[White "Spyropoulos, Nikolaos"]
[Black "Sotiropoulos, Anastasios-Theohar"]
[Result "1-0"]
[Board "9"]
[WhiteElo "2293"]
[WhiteCountry "GRE"]
[WhiteFideId "4298977"]
[WhiteEloChange "2"]
[BlackElo "1834"]
[BlackCountry "GRE"]
[BlackFideId "4292243"]
[BlackEloChange "-2"]

1. e4 {[%clk 1:26:46]} c6 {[%clk 1:30:53]} 2. d4 {[%clk 1:26:15]} d5 {[%clk
1:31:18]} 3. e5 {[%clk 1:26:43]} Bf5 {[%clk 1:31:44]} 4. h4 {[%clk 1:27:09]} h6
{[%clk 1:32:09]} 5. g4 {[%clk 1:27:35]} Bd7 {[%clk 1:32:35]} 6. Nc3 {[%clk
1:20:39]} c5 {[%clk 1:26:07]} 7. dxc5 {[%clk 1:10:44]} e6 {[%clk 1:18:42]} 8. Be3
{[%clk 1:08:20]} Qc7 {[%clk 1:13:40]} 9. f4 {[%clk 0:58:40]} Bxc5 {[%clk
1:11:51]} 10. Bxc5 {[%clk 0:58:26]} Qxc5 {[%clk 1:12:18]} 11. Qd2 {[%clk
0:58:22]} Nc6 {[%clk 1:02:42]} 12. O-O-O {[%clk 0:57:47]} O-O-O {[%clk 1:00:51]}
13. Kb1 {[%clk 0:53:44]} Nge7 {[%clk 0:57:08]} 14. Nf3 {[%clk 0:52:05]} Kb8
{[%clk 0:51:10]} 15. h5 {[%clk 0:44:36]} a6 {[%clk 0:45:15]} 16. Bd3 {[%clk
0:38:26]} Nc8 {[%clk 0:40:19]} 17. Rhg1 {[%clk 0:31:47]} b5 {[%clk 0:39:04]} 18.
g5 {[%clk 0:29:33]} Nb6 {[%clk 0:38:19]} 19. gxh6 {[%clk 0:26:48]} gxh6 {[%clk
0:38:14]} 20. Rg7 {[%clk 0:26:47]} Rdf8 {[%clk 0:36:08]} 21. f5 {[%clk 0:26:05]}
Be8 {[%clk 0:32:15]} 22. Ne2 {[%clk 0:24:47]} Nd7 {[%clk 0:29:05]} 23. Nf4 {[%clk
0:23:25]} Rfg8 {[%clk 0:23:37]} 24. Rxg8 {[%clk 0:23:01]} Rxg8 {[%clk 0:24:03]}
25. fxe6 {[%clk 0:23:25]} Ndxe5 {[%clk 0:23:48]} 26. Nxe5 {[%clk 0:21:04]} Nxe5
{[%clk 0:24:17]} 27. Qe2 {[%clk 0:16:16]} Nxd3 {[%clk 0:15:55]} 28. Nxd3 {[%clk
0:11:29]} Qb6 {[%clk 0:10:36]} 29. Qe5+ {[%clk 0:09:13]} Ka7 {[%clk 0:10:35]} 30.
exf7 {[%clk 0:08:08]} Bxf7 {[%clk 0:11:00]} 31. Rf1 {[%clk 0:07:47]} Be8 {[%clk
0:05:43]} 32. Rf6 {[%clk 0:04:14]} Qd8 {[%clk 0:02:10]} 33. Rd6 {[%clk 0:01:44]}
Rg1+ {[%clk 0:01:47]} 34. Nc1 {[%clk 0:02:03]} Qh4 {[%clk 0:00:39]} 1-0